Samudera kasih (Record no. 24475)

MARC details
000 -LEADER
fixed length control field 00620nam a2200241 i 4500
001 - CONTROL NUMBER
control field C2-0103373
003 - CONTROL NUMBER IDENTIFIER
control field PPAK
005 - DATE AND TIME OF LATEST TRANSACTION
control field 20180727100651.0
008 - FIXED-LENGTH DATA ELEMENTS--GENERAL INFORMATION
fixed length control field 970604s1994 my |||| ||||| | may d
020 ## - INTERNATIONAL STANDARD BOOK NUMBER
International Standard Book Number 9838931322
040 ## - CATALOGING SOURCE
Original cataloging agency PPAK
Language of cataloging eng
Transcribing agency PPAK
Description conventions rda
082 04 - DEWEY DECIMAL CLASSIFICATION NUMBER
Classification number 899.233
Edition number 23
090 00 - LOCALLY ASSIGNED LC-TYPE CALL NUMBER (OCLC); LOCAL CALL NUMBER (RLIN)
Classification number (OCLC) (R) ; Classification number, CALL (RLIN) (NR) 899.233
Feature heading ZAN
Feature heading G
100 0# - MAIN ENTRY--PERSONAL NAME
Personal name Zanifah Mohd. Nor,
Relator term author
245 10 - TITLE STATEMENT
Title Samudera kasih
264 #1 - PRODUCTION, PUBLICATION, DISTRIBUTION, MANUFACTURE, AND COPYRIGHT NOTICE
Place of production, publication, distribution, manufacture Kuala Lumpur :
Name of producer, publisher, distributor, manufacturer Creative ,
Date of production, publication, distribution, manufacture, or copyright notice 1994
300 ## - PHYSICAL DESCRIPTION
Extent 118 pages ;
Dimensions 18 cm
336 ## - CONTENT TYPE
Source rdacontent
Content type term text
337 ## - MEDIA TYPE
Source rdamedia
Media type term unmediated
338 ## - CARRIER TYPE
Source rdacarrier
Carrier type term volume
650 10 - SUBJECT ADDED ENTRY--TOPICAL TERM
Topical term or geographic name entry element Malay fiction
942 ## - ADDED ENTRY ELEMENTS (KOHA)
-- dc
Koha item type Book
Holdings
Withdrawn Not for loan Current library Shelving location Date acquired Full call number Barcode Date last seen Koha item type
    Perpustakaan Awam Sungai Petani Pinjaman Dewasa 26/07/2000 899.233 ZAN A00917629 08/05/2018 Book
    Perpustakaan Kulim Pinjaman Dewasa 26/07/2000 899.233 ZAN A00917634 08/05/2018 Book
    Perpustakaan Kulim Pinjaman Dewasa 26/07/2000 899.233 ZAN A00917635 08/05/2018 Book
    Bergerak 1, Alor Setar Pinjaman Dewasa 26/07/2000 899.233 ZAN A00917638 08/05/2018 Book
    Bergerak 1, Alor Setar Pinjaman Dewasa 26/07/2000 899.233 ZAN A00917639 08/05/2018 Book
    Bergerak 3, Baling Pinjaman Dewasa 26/07/2000 899.233 ZAN A00917644 08/05/2018 Book
    Bergerak 3, Baling Pinjaman Dewasa 26/07/2000 899.233 ZAN A00917645 08/05/2018 Book
    Bergerak 3, Baling Pinjaman Dewasa 26/07/2000 899.233 ZAN A00917646 08/05/2018 Book
    Bergerak 4, Sungai Petani Pinjaman Dewasa 26/07/2000 899.233 ZAN A00917647 08/05/2018 Book
    Bergerak 4, Sungai Petani Pinjaman Dewasa 26/07/2000 899.233 ZAN A00917648 08/05/2018 Book
    Bergerak 5, Kulim Pinjaman Dewasa 26/07/2000 899.233 ZAN A00917656 08/05/2018 Book
    Bergerak 5, Kulim Pinjaman Dewasa 26/07/2000 899.233 ZAN A00917657 08/05/2018 Book